00280nam a2200097Ia 4500001000800000005001700008008004100025020001800066245007900084260001900163127734920260417160505.0260417s9999 xx 000 0 und d a9772149467977 0aZehir Gibi Kafalar Yıldızlar Neden Kafamıza DüşmezcFederico Taddia bKetebe Çocuk